Normal view
MARC view
- Mee, A J
Entry Personal Name
001 - CONTROL NUMBER
- control field: 4834
003 - CONTROL NUMBER IDENTIFIER
- control field: OSt
005 - DATE AND TIME OF LATEST TRANSACTION
- control field: 20210113133929.0
008 - FIXED-LENGTH DATA ELEMENTS
- fixed length control field: 210113|| aca||aabn | a|a d
040 ## - CATALOGING SOURCE
- Original cataloging agency: OSt
- Transcribing agency: OSt
100 ## - HEADING--PERSONAL NAME
- Personal name: Mee, A J
670 ## - SOURCE DATA FOUND
- Source citation: Work cat.: (OSt): Mee, A J ., Physical chemistry / , 1964.
